اخلاق العلم بين الدين والفلسفة / (رقم التسجيلة. 130749)
[ عرض عادي ]
| 000 -الفاتح | |
|---|---|
| عناصر البيانات ثابتة الطول | 00880cam a2200217 i 4500 |
| 005 - تاريخ ووقت آخر معاملة | |
| حقل ضبط | 20251117103108.0 |
| 008 - عناصر البيانات ثابتة الطول | |
| عناصر البيانات ثابتة الطول | 250721s2014 jo gr 000 0 ara d |
| 082 14 - رقم تصنيف ديوي العشري | |
| رقم التصنيف | 210.42170 |
| رقم المادة | م ن ا |
| 100 1# - مدخل رئيسي – اسم شخصي | |
| الاسم الشخصي | المناصير، عطا الله سعيد محمد. |
| علاقة الشخص بالعمل/ دوره | مؤلف. |
| 240 10 - عنوان مقنن | |
| عنوان مقنن | Morality of Science between Religion and Philosophy. |
| 245 10 - بيان العنوان | |
| العنوان | اخلاق العلم بين الدين والفلسفة / |
| بيان المسؤولية | المؤلف عطا الله سعيد محمد المناصير. |
| 264 31 - بيانات النشر، التوزيع…إلخ | |
| مكان النشر، التوزيع...إلخ | عمان _ الاردن : |
| اسم الناشر، الموزع...إلخ | دار الفرقان للنشر والتوزيع، |
| تاريخ النشر، التوزيع...إلخ | 2014. |
| 300 ## - الوصف المادي | |
| عدد الوحدات المكونة للوعاء | 371 صفحة. |
| 650 17 - مدخل إضافي بالموضوع - مصطلح موضوعي | |
| مصطلح موضوعي أو اسم جغرافي كعنصر مدخل | الاسلام. |
| 650 17 - مدخل إضافي بالموضوع - مصطلح موضوعي | |
| مصطلح موضوعي أو اسم جغرافي كعنصر مدخل | الفلسفة. |
| 650 17 - مدخل إضافي بالموضوع - مصطلح موضوعي | |
| مصطلح موضوعي أو اسم جغرافي كعنصر مدخل | الاخلاق الاسلامية. |
| 650 17 - مدخل إضافي بالموضوع - مصطلح موضوعي | |
| مصطلح موضوعي أو اسم جغرافي كعنصر مدخل | التطور الاخلاقي. |
| 650 17 - مدخل إضافي بالموضوع - مصطلح موضوعي | |
| مصطلح موضوعي أو اسم جغرافي كعنصر مدخل | التطور الاجتماعي. |
| 942 ## - بيانات إضافية (كوها) | |
| نوع التنصيف | Dewey Decimal Classification |
| نوع المادة (كوها) | كتب |
| حالة السحب | حالة الفقدان | مصدر التصنيف | حالة التلف | غير قابل للإعارة | المكتبة الرئيسية | المكتبة الحالية | موقع الرف | تاريخ التزويد | الرقم المتسلسل | Total Checkouts | رقم الإستدعاء | الباركود | تاريخ آخر ظهور | تاريخ الفاتورة | نوع المادة (كوها) |
|---|---|---|---|---|---|---|---|---|---|---|---|---|---|---|---|
| Dewey Decimal Classification | المكتبة المركزية | المكتبة المركزية | الإعارة | 28/07/2025 | 1587665 | 210.42170 / م ن ا | PLD00311672 | 28/07/2025 | 28/07/2025 | كتب | |||||
| Dewey Decimal Classification | مكتبة أبو علندا العامة | مكتبة أبو علندا العامة | الإعارة | 09/12/2014 | 1587674 | 210.42170/منا | PLD00311741 | 28/07/2025 | 09/12/2014 | كتب | |||||
| Dewey Decimal Classification | مكتبة أم قصير والمقابلين العامة | مكتبة أم قصير والمقابلين العامة | الإعارة | 09/12/2014 | 1587671 | 210.42170/منا | PLD00311738 | 28/07/2025 | 09/12/2014 | كتب | |||||
| Dewey Decimal Classification | مكتبة الجويدة | مكتبة الجويدة | الإعارة | 09/12/2014 | 1587667 | 210.42170/منا | PLD00311734 | 28/07/2025 | 09/12/2014 | كتب | |||||
| Dewey Decimal Classification | مكتبة الحسن العامة | مكتبة الحسن العامة | الإعارة | 09/12/2014 | 1587672 | 210.42170/منا | PLD00311739 | 28/07/2025 | 09/12/2014 | كتب | |||||
| Dewey Decimal Classification | مكتبة النصر العامة | مكتبة النصر العامة | الإعارة | 09/12/2014 | 1587669 | 210.42170/منا | PLD00311736 | 28/07/2025 | 09/12/2014 | كتب | |||||
| Dewey Decimal Classification | مكتبة حمزة العامة | مكتبة حمزة العامة | الإعارة | 09/12/2014 | 1587668 | 210.42170/منا | PLD00311735 | 28/07/2025 | 09/12/2014 | كتب | |||||
| Dewey Decimal Classification | مكتبة وادي السير العامة | مكتبة وادي السير العامة | الإعارة | 09/12/2014 | 1587673 | 210.42170/منا | PLD00311740 | 28/07/2025 | 09/12/2014 | كتب | |||||
| Dewey Decimal Classification | مكتبةمؤتة | مكتبةمؤتة | الإعارة | 09/12/2014 | 1587670 | 210.42170/منا | PLD00311737 | 28/07/2025 | 09/12/2014 | كتب |